Популярная логика: общедоступный очерк логики предложений; пер. с пол.

Bibliografske podrobnosti
Glavni avtor: Гжегорчик А. Анджей
Jezik:ruščina
Izdano: Москва, Наука, 1979
Izdaja:3-е изд., стер.
Teme:
Format: MixedMaterials Knjiga
KOHA link:https://koha.lib.tpu.ru/cgi-bin/koha/opac-detail.pl?biblionumber=193974

MARC

LEADER 00000nam0a2200000 4500
001 193974
005 20231031182111.0
035 |a (RuTPU)RU\TPU\book\211529 
090 |a 193974 
100 |a 20110331d1979 km y0rusy50 ca 
101 1 |a rus  |c pol 
102 |a RU 
105 |a a z 000zy 
200 1 |a Популярная логика  |e общедоступный очерк логики предложений  |e пер. с пол.  |f А. Гжегорчик 
205 |a 3-е изд., стер. 
210 |a Москва  |c Наука  |d 1979 
215 |a 112 с.  |c ил. 
610 1 |a математическая логика 
610 1 |a логика предложений 
610 1 |a мысли 
610 1 |a выражения 
610 1 |a правила 
610 1 |a законы 
610 1 |a упражнения 
610 1 |a таблицы 
610 1 |a формулы 
675 |a 510.6  |v 3 
700 1 |a Гжегорчик  |b А.  |g Анджей 
801 1 |a RU  |b 63413507  |c 20110331 
801 2 |a RU  |b 63413507  |c 20210204  |g RCR 
942 |c BK